000 00581nam a22002052 4500
001 0000012582
005 20151217160127.0
008 090222s xx 000 0 eng d
020 _a0382261836 :
040 _aKABU
_cKABU
245 1 4 _aThe Music connection.
250 _a1st ed.
260 _aAtlanta, GA :
_bSilver Burdett,
_c1995.
300 _a317 p.
650 0 _aMusic.
_@0000169465
852 1 _9p400 KES
852 1 _9p400 KES
908 _a090222
950 _@1
999 _c14666
_d14666